Transistores y sus aplicaciones en radio, televisión y electrónica

Saved in:
Bibliografiske detaljer
Hovedforfatter: Garner, Louis E (Author)
Format: Bog
Sprog:spansk
Udgivet: Ciudad de México UTEHA 1962
Serier:Manuales UTEHA, 97. Sección, 6 tecnología
Fag:
Tags: Tilføj Tag
Ingen Tags, Vær først til at tagge denne postø!

MARC

LEADER 00000nam a2200000 a 4500
001 UCU6551
003 CL-VaPUC
008 960621e19620000MX |||||||||||||||||spa|d
082 0 4 |a 621.381  |b GAR  |2 21 
100 0 |a Garner, Louis E  |e author  |9 364777 
245 1 0 |a Transistores y sus aplicaciones en radio, televisión y electrónica 
300 |a 136 p 
942 |c BK 
945 |d 19960621 00:00:00  |a cmena 
260 |a Ciudad de México  |b UTEHA  |c 1962 
650 0 |a Transistores  |9 260330 
650 0 |a Tecnología electrónica  |9 334386 
650 7 |a DISPOSITIVOS SEMICONDUCTORES  |2 CL-VaPUC  |9 361201 
650 0 |a Electrónica   |9 263192 
583 |a last modification  |c 19960621 00:00:00  |k Rodrigo Vera 
490 0 |a Manuales UTEHA, 97. Sección, 6 tecnología 
999 |c 249417  |d 249415 
952 |0 0  |1 0  |4 0  |6 621_381000000000000_GAR_1962  |7 0  |8 A  |9 266665  |a BIBING  |b BIBING  |d 2019-11-19  |i 1687611  |o 621.381 GAR 1962  |p 1687611  |r 2025-01-20  |w 2019-11-19  |y BK  |k EIE